Statistics for Capitals Of US States That Border Pacific Ocean

Click here to take the quiz!

General Stats

  • This quiz has been taken 13 times
  • The average score is 5 of 5

Answer Stats

Answer% Correct
Juneau
100%
Honolulu
100%
Sacramento
100%
Salem
92%
Olympia
77%

Score Distribution

Percentile by Number Answered

Percent of People with Each Score

Your Score History

You have not taken this quiz